000 01065nam a2200313 i 4500
001 000033049
003 DO-SdBNP
005 20251105112215.0
007 ta
008 091202s1955 dr r 000 0 spa d
040 _aDO-SdBNP
_bspa
_cBNPHU
_erda
082 4 _a980
_bH519h, 1955
_222
100 1 _aHenríquez Ureña, Pedro,
_d1884-1946
_eautor
_4aut.
_91718
245 1 0 _aHistoria de la cultura en la América Hispánica /
_cPedro Henríquez Ureña.
250 _atercera edición
264 _aMéxico :
_bFondo de Cultura Económica,
_c1955.
300 _a241 páginas ;
_c22 cm.
336 _atexto
_btxt
_2rdacontent
337 _asin mediación
_bn
_2rdamedia
338 _avolumen
_bnc
_2rdacarrier
490 1 _aTierra firme
_v28
500 _aIncluye índice de nombres.
590 _aInventariado, 2024/BT
650 4 _aCultura
_xHistoria
_zAmérica Latina
_931675
651 7 _aAmérica Latina
_xCivilización
_xHistoria
_94092
651 4 _aAmérica Latina
_xHistoria
_91786
910 _aValidado. Control de calidad. MMOLINA
942 _2ddc
_cLBS1
999 _c32540
_d32540